000 00979nas a2200337 4500
001 BR0000341
003 BR-BrBNA
005 20231205101637.0
007 ta
008 230509b bl.|||p| |||| 00| 00por d
040 _aBR-BrBNA
_bpor
_cBiblioteca Nacional de Agricultura
041 _a(Pt)
072 _aF04
100 1 _aZago, V.C.P.
100 1 _aEvangelista, M.R.
100 1 _aAlmeida, D.L. de
100 1 _aGuerra, J.G.M.
100 1 _aNeves, M.C.P.
100 1 _aRumjanek, N.G.
245 1 _aAplicacao de esterco bovino e ureia na couve e seus reflexos nos teores de nitrato e na qualidade
650 _aCouve
650 _aAdubacao
650 _aUreia
650 _aEsterco
650 _aValor Nutritivo
650 _aResposta da Planta
650 _aRio de Janeiro
773 0 _tHorticultura Brasileira (Brazil)
_xISSN 0102-0536
_g(Nov 1999), v. 17(3) p. 207-211
_wBR0000341
909 _a202311
_bLúcia
_c55
_dLúcia Elande
942 _2AGRIS
_n0
_cANA
999 _c163004
_d163004